00430nam a2200157Ia 4500001000500000005001700005008004100022041000800063082001500071100003800086245009500124260000900219300002800228650000800256654000800264805320260306160540.0260306t2014||||xx |||||||||||||| ||spa|| aESP a370.1bF41 aFérnandez Mouján, InéseAUT 0aProblemas contemporáneos en filosofía de la educación:bun recorrido en 12 lecciones c2014 a166 páginas :c28 cm. aGEN aCED